000 004070000a22001690004500
003 MACL
005 20151119165226.0
008 151119b xxu||||| |||| 00| 0 eng d
040 _aMACL
_cMACL
041 _aEnglish
082 _a700/GAN
100 _aMilada, Ganguli
_917575
245 _aNaga Art
260 _bOxford University Press
_c1993
_aNew Delhi
650 _aArts
_917576
942 _cBK
_k700
_2ddc
999 _c2722
_d2722